[Event "Krakow op 9th"]
[Site "Krakow"]
[Date "2013.??.??"]
[Round "1.9"]
[White "Peronczyk, Karol"]
[Black "Poreba, Witold"]
[Result "1-0"]
[WhiteElo "1764"]
[BlackElo "1474"]
[PlyCount "57"]
[EventDate "2013.??.??"]
[EventType "swiss"]
[EventRounds "5"]
[EventCountry "POL"]
[SourceTitle "EXT 2023"]
[Source "ChessBase"]
[SourceDate "2022.10.05"]
[SourceVersion "1"]
[SourceVersionDate "2022.10.05"]
[SourceQuality "1"]

1. e4 e5 2. Nf3 Nc6 3. Bc4 Bc5 4. d3 h6 5. Be3 Bxe3 6. fxe3 d6 7. Qe2 Be6 8. Bb3 Bxb3 9. axb3 a6 10. 0-0 Nf6 11. Nc3 0-0 12. d4 exd4 13. exd4 Nd7 14. Rae1 Ne7 15. e5 d5 16. e6 Nf6 17. exf7+ Rxf7 18. Qe6 Ng6 19. Ne5 Qe7 20. Nxg6 Qxe6 21. Rxe6 c6 22. Rfe1 Kh7 23. Ne5 Rc7 24. Nd3 Kg8 25. Re7 Rac8 26. Nc5 Kf8 27. Rxc7 Rxc7 28. Ne6+ Kf7 29. Nxc7 1-0

[Event "Krakow op 9th"]
[Site "Krakow"]
[Date "2013.??.??"]
[Round "5.9"]
[White "Poreba, Witold"]
[Black "Latka, Tadeusz"]
[Result "0-1"]
[WhiteElo "1474"]
[BlackElo "1610"]
[PlyCount "38"]
[EventDate "2013.??.??"]
[EventType "swiss"]
[EventRounds "5"]
[EventCountry "POL"]
[SourceTitle "EXT 2023"]
[Source "ChessBase"]
[SourceDate "2022.10.05"]
[SourceVersion "1"]
[SourceVersionDate "2022.10.05"]
[SourceQuality "1"]

1. e4 c6 2. d4 d5 3. exd5 cxd5 4. Bb5+ Nc6 5. Nf3 Qb6 6. Bxc6+ bxc6 7. 0-0 Nf6 8. c3 Bg4 9. h3 Bh5 10. Qd3 e6 11. b4 a5 12. bxa5 Rxa5 13. Nfd2 Qa7 14. Qc2 Bg6 15. Qb2 Bd6 16. c4 0-0 17. Nb3 Rb8 18. c5 Bf8 19. Qd2 Rxb3 0-1